[Event "Zalakaros op 10th"]
[Site "Zalakaros"]
[Date "1991.??.??"]
[Round "2"]
[White "Feher, Gyula"]
[Black "Spiriev, Peter"]
[Result "1/2-1/2"]
[WhiteElo "2375"]
[BlackElo "2285"]
[PlyCount "43"]
[EventDate "1991.05.??"]
[EventType "swiss"]
[EventRounds "9"]
[EventCountry "HUN"]
[SourceTitle "TD"]
[Source "ChessBase"]
[SourceDate "1994.03.01"]
[SourceVersion "1"]
[SourceVersionDate "1994.03.01"]
[SourceQuality "1"]

1. c4 Nf6 2. Nc3 c5 3. g3 g6 4. Bg2 Bg7 5. Nf3 0-0 6. 0-0 d5 7. cxd5 Nxd5 8. Qa4 e6 9. d3 Nxc3 10. bxc3 Bxc3 11. Rb1 Bf6 12. Be3 Bd7 13. Qf4 Bc6 14. Bxc5 Re8 15. Rfc1 Nd7 16. Bd6 Rc8 17. d4 Nb6 18. Be5 Be7 19. Qh6 Bf8 20. Qd2 Qe7 21. Bf4 Bd5 22. Ne5 1/2-1/2

[Event "Cansys"]
[Site "Budapest"]
[Date "1991.??.??"]
[Round "11"]
[White "O'Donnell, Tom"]
[Black "Spiriev, Peter"]
[Result "1/2-1/2"]
[WhiteElo "2375"]
[BlackElo "2285"]
[PlyCount "87"]
[EventDate "1991.03.??"]
[EventType "tourn"]
[EventRounds "13"]
[EventCountry "HUN"]
[EventCategory "8"]
[SourceTitle "CBM 023 Extra"]
[Source "ChessBase"]
[SourceDate "1991.09.01"]
[SourceVersion "1"]
[SourceVersionDate "1991.09.01"]
[SourceQuality "1"]

1. e4 c5 2. Nf3 d6 3. d4 cxd4 4. Nxd4 Nf6 5. Nc3 a6 6. a4 e6 7. Be3 Qc7 8. Be2 b6 9. Qd2 Bb7 10. f3 Be7 11. g4 Nc6 12. g5 Nd7 13. h4 Na5 14. f4 Nc4 15. Bxc4 Qxc4 16. 0-0-0 Nc5 17. Qg2 Nxa4 18. Nxa4 Qxa4 19. Kb1 e5 20. fxe5 dxe5 21. h5 exd4 22. Bxd4 0-0-0 23. Bxb6 Rxd1+ 24. Rxd1 Bxe4 25. Qh2 Qc6 26. Rd4 Qxb6 27. Rxe4 Bd6 28. Qh3+ Kb8 29. Re3 Ka8 30. Rb3 Qc6 31. Rc3 Qb7 32. Rb3 Qe7 33. Re3 Be5 34. Qf3+ Ka7 35. Qf2 Kb8 36. Qe2 f6 37. Qxa6 Qc5 38. Rb3+ Kc7 39. Qb7+ Kd8 40. Rd3+ Ke8 41. Qd7+ Kf8 42. Qd8+ Kf7 43. Qxh8 Qb5 44. Rb3 1/2-1/2

[Event "Escom IM-A"]
[Site "Budapest"]
[Date "1991.??.??"]
[Round "8"]
[White "Petronic, Jovan"]
[Black "Spiriev, Peter"]
[Result "1/2-1/2"]
[WhiteElo "2355"]
[BlackElo "2285"]
[PlyCount "30"]
[EventDate "1991.??.??"]
[EventType "tourn"]
[EventRounds "11"]
[EventCountry "HUN"]
[EventCategory "4"]
[SourceTitle "EXT 1997"]
[Source "ChessBase"]
[SourceDate "1996.11.15"]
[SourceVersion "1"]
[SourceVersionDate "1996.11.15"]
[SourceQuality "1"]

1. d4 Nf6 2. c4 g6 3. Nc3 d5 4. cxd5 Nxd5 5. e4 Nxc3 6. bxc3 Bg7 7. Be3 c5 8. Qd2 Qa5 9. Rc1 cxd4 10. cxd4 Qxd2+ 11. Kxd2 0-0 12. Bb5 Rd8 13. Nf3 Bg4 14. Rhd1 Bxf3 15. gxf3 Bxd4 1/2-1/2

[Event "Budapest Kasparov"]
[Site "Budapest"]
[Date "1991.??.??"]
[Round "13"]
[White "Polgar, Sofia"]
[Black "Spiriev, Peter"]
[Result "1-0"]
[WhiteElo "2425"]
[BlackElo "2285"]
[PlyCount "63"]
[EventDate "1991.06.??"]
[EventType "tourn"]
[EventRounds "13"]
[EventCountry "HUN"]
[EventCategory "8"]
[SourceTitle "CBM 024 Extra"]
[Source "ChessBase"]
[SourceDate "1991.11.01"]
[SourceVersion "1"]
[SourceVersionDate "1991.11.01"]
[SourceQuality "1"]

1. e4 c5 2. Nf3 d6 3. d4 cxd4 4. Nxd4 Nf6 5. Nc3 a6 6. Be3 e5 7. Nf3 Qc7 8. a4 Be7 9. a5 0-0 10. Be2 Nc6 11. Bb6 Qd7 12. 0-0 Bd8 13. Qd3 Bxb6 14. axb6 Qd8 15. Na4 d5 16. Rfd1 Qe7 17. Nd2 Nb4 18. Qa3 Nxe4 19. Nxe4 dxe4 20. c3 Nc6 21. Qxe7 Nxe7 22. Nc5 Ng6 23. g3 f5 24. Bc4+ Kh8 25. Rd6 e3 26. fxe3 f4 27. e4 f3 28. Kf2 Rb8 29. Rad1 Bg4 30. Bf1 Rfe8 31. h3 Bc8 32. Rd8 1-0

[Event "Escom IM-A"]
[Site "Budapest"]
[Date "1991.??.??"]
[Round "5"]
[White "Spiriev, Peter"]
[Black "Feher, Gyula"]
[Result "1/2-1/2"]
[WhiteElo "2285"]
[BlackElo "2375"]
[PlyCount "22"]
[EventDate "1991.??.??"]
[EventType "tourn"]
[EventRounds "11"]
[EventCountry "HUN"]
[EventCategory "4"]
[SourceTitle "EXT 1997"]
[Source "ChessBase"]
[SourceDate "1996.11.15"]
[SourceVersion "1"]
[SourceVersionDate "1996.11.15"]
[SourceQuality "1"]

1. e4 c5 2. Nf3 e6 3. d4 cxd4 4. Nxd4 Nf6 5. Nc3 d6 6. g4 h6 7. Rg1 Nc6 8. Be3 a6 9. Be2 g5 10. h4 gxh4 11. f4 Rg8 1/2-1/2

[Event "Cansys"]
[Site "Budapest"]
[Date "1991.??.??"]
[Round "10"]
[White "Spiriev, Peter"]
[Black "Kishnev, Sergey"]
[Result "0-1"]
[WhiteElo "2285"]
[BlackElo "2520"]
[PlyCount "104"]
[EventDate "1991.03.??"]
[EventType "tourn"]
[EventRounds "13"]
[EventCountry "HUN"]
[EventCategory "8"]
[SourceTitle "CBM 023 Extra"]
[Source "ChessBase"]
[SourceDate "1991.09.01"]
[SourceVersion "1"]
[SourceVersionDate "1991.09.01"]
[SourceQuality "1"]

1. e4 e6 2. d4 d5 3. Nc3 Bb4 4. e5 c5 5. Qg4 Ne7 6. a3 Bxc3+ 7. bxc3 0-0 8. Bd3 f6 9. exf6 Rxf6 10. Qh5 h6 11. g4 c4 12. g5 g6 13. Qd1 Rf7 14. Bxg6 Nxg6 15. Qh5 Nf8 16. Nh3 e5 17. gxh6 Qf6 18. Rg1+ Kh8 19. dxe5 Qf5 20. Rg5 Qf3 21. Qxf3 Rxf3 22. Nf4 Ne6 23. Rf5 Kg8 24. Rf6 Nxf4 25. Bxf4 Nd7 26. Ke2 Nxf6 27. Kxf3 Ne4 28. Rg1+ Kh8 29. Rg7 Be6 30. Re7 Rf8 31. Ke3 Nc5 32. Bg5 Rf7 33. Re8+ Kh7 34. f4 Bf5 35. Ra8 b6 36. Kd2 Ne4+ 37. Kc1 Nxc3 38. Re8 Ne2+ 39. Kd2 Nd4 40. c3 Ne6 41. h4 Kg6 42. Ke3 Kh5 43. Rb8 Rc7 44. a4 d4+ 45. Kd2 d3 46. Re8 Nc5 47. Rf8 Nb3+ 48. Ke3 d2 49. Rxf5 d1Q 50. Bd8+ Kg4 51. Rg5+ Kh3 52. Bxc7 Qe1+ 0-1

[Event "Cansys"]
[Site "Budapest"]
[Date "1991.??.??"]
[Round "6"]
[White "Spiriev, Peter"]
[Black "Moskalenko, Viktor"]
[Result "1/2-1/2"]
[WhiteElo "2285"]
[BlackElo "2525"]
[PlyCount "99"]
[EventDate "1991.03.??"]
[EventType "tourn"]
[EventRounds "13"]
[EventCountry "HUN"]
[EventCategory "8"]
[SourceTitle "CBM 023 Extra"]
[Source "ChessBase"]
[SourceDate "1991.09.01"]
[SourceVersion "1"]
[SourceVersionDate "1991.09.01"]
[SourceQuality "1"]

1. e4 g6 2. d4 Bg7 3. Nf3 d6 4. Be2 Nf6 5. Nc3 0-0 6. 0-0 Nc6 7. h3 a6 8. Bg5 h6 9. Be3 e5 10. dxe5 dxe5 11. Qc1 Nd4 12. Bxh6 Nxe4 13. Nxd4 Qxd4 14. Nxe4 Qxe4 15. Bxg7 Kxg7 16. Bf3 Qf5 17. Qe3 Re8 18. c3 c6 19. Rfe1 Qf6 20. Rad1 Bf5 21. g4 Be6 22. b3 Kg8 23. Bg2 Rad8 24. Rxd8 Qxd8 25. c4 Qa5 26. Qxe5 Qxa2 27. Re3 Qd2 28. Qf6 Qd8 29. Qc3 Qd1+ 30. Re1 Qd6 31. Qf6 Qd2 32. Re3 Qd1+ 33. Kh2 Qd8 34. Qc3 Qd6+ 35. Kg1 Rd8 36. Bf3 Rd7 37. Qe1 Qd4 38. Qa5 Kg7 39. Qe1 Qf6 40. Kg2 Kg8 41. Be4 Qd8 42. Bf3 Rd4 43. Qc3 Rd2 44. Be4 Qd4 45. Qxd4 Rxd4 46. Bxg6 Bxc4 47. bxc4 fxg6 48. Re7 b5 49. cxb5 axb5 50. Re6 1/2-1/2

[Event "Cansys"]
[Site "Budapest"]
[Date "1991.??.??"]
[Round "1"]
[White "Spiriev, Peter"]
[Black "Mueller, Karsten"]
[Result "1/2-1/2"]
[WhiteElo "2285"]
[BlackElo "2425"]
[PlyCount "53"]
[EventDate "1991.03.??"]
[EventType "tourn"]
[EventRounds "13"]
[EventCountry "HUN"]
[EventCategory "8"]
[SourceTitle "CBM 023 Extra"]
[Source "ChessBase"]
[SourceDate "1991.09.01"]
[SourceVersion "1"]
[SourceVersionDate "1991.09.01"]
[SourceQuality "1"]

1. e4 e6 2. d4 d5 3. Nc3 Bb4 4. e5 c5 5. Qg4 Ne7 6. a3 Ba5 7. dxc5 Bxc3+ 8. bxc3 Ng6 9. h4 h5 10. Qg3 Nd7 11. Nf3 Nxc5 12. Ng5 Qc7 13. Be3 Nd7 14. Bd4 Ndxe5 15. Bb5+ Kf8 16. 0-0 f6 17. Rae1 fxg5 18. Rxe5 Nxe5 19. Bxe5 Qf7 20. hxg5 h4 21. Qe3 h3 22. Qc5+ Kg8 23. Qd6 hxg2 24. Kxg2 Qf8 25. Qc7 Qf7 26. Qd8+ Qf8 27. Qc7 1/2-1/2

[Event "Escom IM-A"]
[Site "Budapest"]
[Date "1991.??.??"]
[Round "11"]
[White "Spiriev, Peter"]
[Black "Sokolov, Andrei2222"]
[Result "1/2-1/2"]
[WhiteElo "2285"]
[BlackElo "2360"]
[PlyCount "23"]
[EventDate "1991.??.??"]
[EventType "tourn"]
[EventRounds "11"]
[EventCountry "HUN"]
[EventCategory "4"]
[SourceTitle "EXT 1997"]
[Source "ChessBase"]
[SourceDate "1996.11.15"]
[SourceVersion "1"]
[SourceVersionDate "1996.11.15"]
[SourceQuality "1"]

1. e4 e5 2. Nf3 d6 3. d4 Nd7 4. Nc3 c6 5. a4 Ngf6 6. g3 Be7 7. Bg2 0-0 8. 0-0 Re8 9. b3 Bf8 10. Re1 Qc7 11. Bb2 b6 12. Qd2 1/2-1/2

[Event "HUN-chT"]
[Site "Hungary"]
[Date "1989.??.??"]
[Round "5"]
[White "Arnold, Ferenc"]
[Black "Spiriev, Peter"]
[Result "1-0"]
[WhiteElo "2335"]
[BlackElo "2205"]
[PlyCount "61"]
[EventDate "1989.??.??"]
[EventType "team"]
[EventRounds "13"]
[EventCountry "HUN"]
[SourceTitle "EXT 2009"]
[Source "ChessBase"]
[SourceDate "2008.11.26"]
[SourceVersion "1"]
[SourceVersionDate "2008.11.26"]
[SourceQuality "1"]

1. d4 Nf6 2. Nf3 g6 3. Bf4 Bg7 4. e3 0-0 5. Be2 d5 6. 0-0 c5 7. c3 Nc6 8. Nbd2 Nh5 9. dxc5 Nxf4 10. exf4 d4 11. cxd4 Nxd4 12. Nc4 Nxe2+ 13. Qxe2 Qc7 14. Nce5 Qxc5 15. Rfc1 Qa5 16. Rc3 Be6 17. Ng5 Bd5 18. Qe3 e6 19. Ne4 Qb4 20. Nc5 Qxb2 21. Rac1 Rfc8 22. a4 b6 23. R3c2 Qb4 24. Na6 Qf8 25. Nc7 Bxe5 26. Nxa8 Rxc2 27. Rxc2 Bd6 28. Nc7 Qc8 29. Qc1 Bb3 30. Rc6 Bxa4 31. Rxd6 1-0

[Event "Dortmund op"]
[Site "Dortmund"]
[Date "1989.??.??"]
[Round "5"]
[White "Konopka, Michal"]
[Black "Spiriev, Peter"]
[Result "1-0"]
[WhiteElo "2405"]
[BlackElo "2205"]
[PlyCount "69"]
[EventDate "1989.03.??"]
[EventType "swiss"]
[EventRounds "11"]
[EventCountry "GER"]
[SourceTitle "EXT 1997"]
[Source "ChessBase"]
[SourceDate "1996.11.15"]
[SourceVersion "1"]
[SourceVersionDate "1996.11.15"]
[SourceQuality "1"]

1. Nf3 Nf6 2. c4 c5 3. g3 d5 4. cxd5 Nxd5 5. Bg2 g6 6. 0-0 Bg7 7. d4 0-0 8. dxc5 Na6 9. Ng5 Ndb4 10. Nc3 Nxc5 11. Be3 Ne6 12. Qb3 a5 13. a3 Nxg5 14. axb4 Nh3+ 15. Kh1 Be6 16. Qa4 axb4 17. Qxb4 Rc8 18. Rac1 Rc4 19. Qxb7 Qd6 20. Ne4 Qb4 21. Qxb4 Rxb4 22. Nc5 Bc8 23. Nd3 Rb3 24. Rxc8 Rxc8 25. Bxh3 Rc2 26. Rc1 Rxc1+ 27. Bxc1 e5 28. Bg2 Kf8 29. Bd5 Rb6 30. Be3 Rb8 31. b4 f5 32. Ba7 Rc8 33. b5 e4 34. Nf4 Rc1+ 35. Kg2 1-0

[Event "Noviki-B"]
[Site "Budapest"]
[Date "1989.??.??"]
[Round "?"]
[White "Spiriev, Peter"]
[Black "Casagrande, Harald"]
[Result "0-1"]
[WhiteElo "2205"]
[BlackElo "2365"]
[PlyCount "72"]
[EventDate "1989.??.??"]
[EventType "tourn"]
[EventRounds "9"]
[EventCountry "HUN"]
[EventCategory "5"]
[SourceTitle "TD"]
[Source "ChessBase"]
[SourceDate "1994.03.01"]
[SourceVersion "1"]
[SourceVersionDate "1994.03.01"]
[SourceQuality "1"]

1. e4 c6 2. d4 g6 3. Nf3 d5 4. Nbd2 h5 5. Bd3 Nh6 6. 0-0 Bg7 7. c3 Nd7 8. e5 Nf8 9. Qc2 Bf5 10. Nh4 Bxd3 11. Qxd3 e6 12. Ndf3 Qc7 13. b3 c5 14. Ba3 c4 15. bxc4 dxc4 16. Qe4 Nf5 17. Rab1 0-0-0 18. Rb5 b6 19. Rfb1 Nd7 20. Nd2 Nxe5 21. dxe5 Rxd2 22. R5b4 Rhd8 23. Kf1 Rd1+ 24. Rxd1 Rxd1+ 25. Ke2 Rd5 26. Kf1 b5 27. Nf3 Qc6 28. Nd2 Bf8 29. Rxc4 bxc4 30. Bxf8 Kd7 31. Qf4 Qa4 32. Nb3 Qxa2 33. Nc5+ Ke8 34. g4 Kxf8 35. gxf5 Qb1+ 36. Kg2 Qxf5 0-1

[Event "Balatonbereny op"]
[Site "Balatonbereny"]
[Date "1989.??.??"]
[Round "?"]
[White "Spiriev, Peter"]
[Black "Konikowski, Jerzy"]
[Result "1-0"]
[WhiteElo "2205"]
[BlackElo "2380"]
[PlyCount "39"]
[EventDate "1989.??.??"]
[EventType "swiss"]
[EventRounds "9"]
[EventCountry "HUN"]
[SourceTitle "EXT 2002"]
[Source "ChessBase"]
[SourceDate "2001.11.25"]
[SourceVersion "1"]
[SourceVersionDate "2001.11.25"]
[SourceQuality "1"]

1. e4 c5 2. Nf3 e6 3. d4 cxd4 4. Nxd4 a6 5. c4 Nf6 6. Nc3 d6 7. Be2 Qc7 8. 0-0 b6 9. Bg5 Nbd7 10. f4 Bb7 11. f5 e5 12. Ne6 fxe6 13. fxe6 Nc5 14. Rxf6 gxf6 15. Bh5+ Ke7 16. Bxf6+ Kxf6 17. Qf3+ Kxe6 18. Qf5+ Ke7 19. Qf7+ Kd8 20. Qe8# 1-0

[Event "Noviki-B"]
[Site "Budapest"]
[Date "1989.??.??"]
[Round "?"]
[White "Stangl, Markus"]
[Black "Spiriev, Peter"]
[Result "1-0"]
[WhiteElo "2375"]
[BlackElo "2205"]
[PlyCount "43"]
[EventDate "1989.??.??"]
[EventType "tourn"]
[EventRounds "9"]
[EventCountry "HUN"]
[EventCategory "5"]
[SourceTitle "TD"]
[Source "ChessBase"]
[SourceDate "1994.03.01"]
[SourceVersion "1"]
[SourceVersionDate "1994.03.01"]
[SourceQuality "1"]

1. Nf3 Nf6 2. c4 c5 3. Nc3 Nc6 4. d4 cxd4 5. Nxd4 Qb6 6. Nb3 e6 7. a3 Be7 8. e4 0-0 9. Be3 Qc7 10. Rc1 a6 11. Be2 b6 12. 0-0 Bb7 13. f3 Rab8 14. Kh1 Rfe8 15. Qd2 d6 16. Nd5 exd5 17. cxd5 Qd7 18. dxc6 Bxc6 19. Bxa6 b5 20. Nd4 Rb6 21. Rxc6 Rxc6 22. Bxb5 1-0

[Event "Budapest Spring op 04th"]
[Site "Budapest"]
[Date "1988.??.??"]
[Round "?"]
[White "Bareev, Evgeny"]
[Black "Spiriev, Peter"]
[Result "1-0"]
[WhiteElo "2555"]
[BlackElo "2220"]
[PlyCount "71"]
[EventDate "1988.03.19"]
[EventType "swiss"]
[EventRounds "9"]
[EventCountry "HUN"]
[SourceTitle "EXT 2003"]
[Source "ChessBase"]
[SourceDate "2002.11.25"]
[SourceVersion "1"]
[SourceVersionDate "2002.11.25"]
[SourceQuality "1"]

1. d4 Nf6 2. c4 g6 3. Nc3 d5 4. cxd5 Nxd5 5. e4 Nxc3 6. bxc3 Bg7 7. Bc4 c5 8. Ne2 Nc6 9. Be3 0-0 10. 0-0 Bg4 11. f3 Na5 12. Bd3 cxd4 13. cxd4 Be6 14. Qa4 a6 15. d5 b5 16. Qb4 Bxa1 17. Rxa1 f6 18. Bc5 Nc6 19. Qa3 b4 20. Qb3 Ne5 21. Nd4 Bf7 22. Be2 Nd7 23. Bxb4 Qb6 24. Rd1 Rfe8 25. Ba3 Qa7 26. Kf1 Rac8 27. g3 Nc5 28. Qb4 a5 29. Qb5 Nxe4 30. fxe4 Rc3 31. Qb2 Re3 32. Bb5 Rc8 33. Nc6 Qb6 34. Nxe7+ Kg7 35. Nxc8 Qb7 36. h4 1-0

[Event "Bad Woerishofen op 4th"]
[Site "Bad Woerishofen"]
[Date "1988.??.??"]
[Round "7"]
[White "Meier, Volker"]
[Black "Spiriev, Peter"]
[Result "1-0"]
[WhiteElo "2295"]
[BlackElo "2220"]
[PlyCount "40"]
[EventDate "1988.02.??"]
[EventType "swiss"]
[EventRounds "9"]
[EventCountry "GER"]
[SourceTitle "TD"]
[Source "ChessBase"]
[SourceDate "1994.03.01"]
[SourceVersion "1"]
[SourceVersionDate "1994.03.01"]
[SourceQuality "1"]

1. e4 c5 2. Nf3 d6 3. d4 cxd4 4. Qxd4 Nc6 5. Bb5 Qd7 6. Qd3 e5 7. c4 a6 8. Ba4 f5 9. Nc3 fxe4 10. Nxe4 Nf6 11. Bg5 Be7 12. Rd1 Nxe4 13. Qxe4 0-0 14. c5 d5 15. Rxd5 Qc7 16. Bxc6 bxc6 17. Rxe5 Qa5+ 18. b4 Qxa2 19. 0-0 Bxg5 20. Nxg5 g6 1-0